| 000 | 00439nam a22001817a 4500 | ||
|---|---|---|---|
| 001 | BT-PhCST | ||
| 003 | BT-PhCST | ||
| 005 | 20190204171603.0 | ||
| 008 | 150730b xxu||||| |||| 00| 0 eng d | ||
| 020 | _a9780340750155 | ||
| 040 |
_aBT-PhCST _cBT-PhCST _dBT-PhCST |
||
| 050 | _aD1162 | ||
| 082 |
_222 _a294.344421 |
||
| 100 | _aLama, Dalai | ||
| 245 | _athe art of happiness / | ||
| 300 |
_a269p. ; _bill. ; _c24 cm. |
||
| 942 |
_2ddc _cRE _03 |
||
| 999 |
_c5930 _d5930 |
||